000 00326nam a22001457a 4500
020 _a1-930665-05-09
041 _aENG
100 _aThornley.J.H.M
245 _aPlant and Crop Modelling
260 _aNew Jersey
_bThe Blakburn Press
_c2000
300 _a669
650 _aGAE
700 _aJohnson.I.R
856 _uM.Tech ( 7 )
999 _c1077
_d1077